000 00590cam a2200241 a 4500
001 5320242
003 OSt
005 20170105113122.0
008 050525s2005 enkc 000 f eng c
020 _a0743220188
035 _a(OCoLC)ocm60458161
035 _a(NNC)5320242
040 _aZCU
_cZCU
042 _apcc
050 4 _aPR6103.O77
_bA68 2005
100 1 _aCorrick, Martin.
245 1 0 _aAfter Berlin /
_cMartin Corrick.
260 _aLondon :
_bSimon & Schuster,
_cc2005.
300 _a260 p. :
_bpor. ;
_c24 cm.
500 _aA novel.
942 _2ddc
_cBK
999 _c34083
_d34083